000 01284aam a2200349 a 4500
003 BLK
005 20250206145214.0
008 180606b bul||||| |||| 00| 0 bul d
020 _a9789546558336
040 _aBLK
041 _aBUL
_cBUL
072 _9178277
_aН8301
_xТрилъри Н
080 _aАмериканска литература (на САЩ)
_b821.111(73)
_x-312.4
_z821.111(73)-312.4
100 _aКонъли, Майкъл
_eпърви автор
_91299
139 _aКонъли, Майкъл
_bК 84
245 _aКъсното шоу
_bроман
_cМайкъл Конъли ; прев. Владимир Германов
257 _aUSA
260 _bБард
_c2018
_aСофия
_fСофия : Алианд принт
300 _a379 с.
_c20 см
380 _aX
490 _9201353
_aКралете на трилъра
500 _aОфс. изд. The Late Show / Michael Connelly. - Офс. изд.
659 7 _9178160
_aН
_xНови книги
700 _aГерманов, Владимир Милчев
_d1958-
_9365098
765 _aThe Late Show
_cConnelly, Michael
852 _aЦб 292790
942 _cKNG
_2udc
_n0
_086
944 _aED
_c2018-12-18
_lИваничка Йорданова
_k30553
999 _c322638
_d322638
999 _d322638
999 _d322638
999 _d322638